000 00878cab a22002055a 4500
001 L145122
008 080909e20080906xxka 000 0 eng d
035 _a(Sirsi) u145122
041 0 _aeng
100 1 _aJames, Gareth
245 0 2 _aA growing profession
260 _c2008
490 _aEstates Gazette
_v(0835) 6 September 2008, 134-136(3)
520 _aDiscusses energy performance certification and the role of the assessor. Covers topics including levels of expertise; software packages and the key steps in producing a report.
650 2 4 _aENERGY PERFORMANCE CERTIFICATES
650 2 4 _aENERGY PERFORMANCE OF BUILDINGS (CERTIFICATES AND INSPECTIONS) (ENGLAND AND WALES) REGULATIONS 2007
651 4 _aEngland and Wales
_y1543-
690 _aCAREERS, EDUCATION AND TRAINING-RICS ACCREDITATION AND CERTIFICATION SCHEMES-ENERGY PERFORMANCE OF BUILDINGS
942 _n0
999 _c80714
_d80714